Quizzes
Events
Quiz Creation
Community
Videos
Private Events
Remove Ads
Sign In
Join for FREE
Feedback
Dark Mode
Quiz Categories
Sports
Geography
Music
Movies
Television
Just For Fun
Miscellaneous
History
Literature
Language
Science
Gaming
Entertainment
Religion
Holiday
For Kids
Quiz Lab
Recent
Popular Today
Quiz Kudos Today
Editor Picks
Curator Picks
Quizzes by...
Day
Popularity
Type
Ratings
Length
Year
Community
Subscriptions
Recent Discussions
Orange Saloon
Badges
Playlists
Quests
Create
Leaderboards
Showdown
Live 5
Trivia Bingo
Activity
Puzzle Library
Sporcle Events
Private Events
Virtual Trivia
Globe League
Become a Host
Pub Owners
SporcleCon
Opinionation
Our Games
Videos
Blog
Mobile Apps
Partnerships
Remove Ads and Go Orange
Feedback
Movies
Disney
Marvel Cinematic Universe
Movie Resume
Movie Titles
Oscar
Actor
Actress
Director
Pixar
Role
Movie Quotes
Movie Characters
Box Office
Nominee
Best Picture
Star Wars
James Bond
Horror Movies
Movies
Disney
Marvel Cinematic Universe
Movie Resume
Movie Titles
Oscar
Actor
Actress
Director
Pixar
Role
Movie Quotes
Movie Characters
Box Office
Nominee
Best Picture
Star Wars
James Bond
Horror Movies
Random Quiz
Search Sporcle
×
Quiz Lab
Quiz Lab
Movies
70s Movie
Type in answers that appear in a list
Type in answers that appear in a list
Classic
Best Score? Go Orange.
Hollywood New Wave (Hard) Stats
Can you Survive The Hard New Hollywood Quiz?
By
ThePlutobob
5m
20 Questions
30 Plays
30 Plays
30 Plays
Comments
Comments
Give Quiz Kudos
Give Quiz Kudos
-
- Ratings
hide this ad
Replay
Link that replays current quiz
Next Quiz
Link to next quiz in quiz playlist
You Got
0%
They Got
Avg Score
16%
Avg Friend Score
Upgrade to see
Score Distribution
Jump to the score distribution portion of the page
Score
0/20
Timer
05:00
0
Plays Today
Hint
Answer
% Correct
Robert Evans Produced in 1974....
Chinatown
70%
Jack Lemmon won 2nd Oscar for?
Save the Tiger
66.7%
1970 Highest Grossing Film (Hint: Arthur Hiller)
Love Story
56.7%
First Film to Ever Feature a Condom (Hint: 1971)
Carnal Knowledge
36.7%
Olivia Hussey Slasher Film
Black Christmas
23.3%
Dustin Hoffman co-
directed this 70s Film
Straight Time
20%
Nicholson's 2nd Directorial Film
Goin' South
16.7%
Who Wrote 'Suicide is Painless', from MASH
Mike Altman
10%
Hard to Find 1969 Frank Perry Film
Last Summer
10%
Which Director/
Actor in Prisoner of Second Avenue
Gene Saks
3.3%
Hint
Answer
% Correct
Warren Beatty based Shampoo protagonist on?
Jay Sebring
3.3%
Actress Cameo in The Candidate
Natalie Wood
3.3%
Bill Murray Voice in What Adult Cartoon Film
Shame of the Jungle
3.3%
First Erotic film came out in 1969...
Blue Movie
3.3%
Female Celebrity Cameo in The Graduate
Elaine May
0%
Film Polanski was Editing during Sharon Tate's Death
A Day at the Beach
0%
All 3 Cameos from Nashville
Julie Christie Elliot Gould Joan Tewkesbury
0%
Jim Brown in this Papillon-
similar film?
I Escaped from Devil's Island
0%
3 Actresses From Plaza Suite
Lee Grant Maureen Stapleton Barbara Harris
0%
Main Actress from Downhill Racer
Camilla Sparv
0%
Quiz Playlist
Details
Report
Send in Message
Add To Playlist
Classic:
Type in answers that appear in a list
Last Updated: Aug 7, 2017
Quiz Scoreboard
CHALLENGE
Sign Up to Join the Scoreboard
Show All
Scores
Hide
Comments
May contain spoilers
Recently Published
1-10 Letter E Words III
by El_Dandy
Language
2m
One Thing in Common: World Cities II
by knightlancer
Geography
7m
Popular People in 1961
by mucciniale
History
6m
More to Explore
Quiz From the Vault
Featured Blog Post
Where Did the Easter Bunny Come From?
hide this ad
You Might Also Like...
Tags
70s Movie
hard
Hollywood
Survive
Today's Top Quizzes in Movies
Browse Movies
hide this ad
Today's Top Quizzes in 70s Movie
Browse 70s Movie
Top Contributed Quizzes in Movies
1
Multi-Oscar Nominations, One Movie, One Winner
2
12 Movies about Fictional 1960s Events
3
One Thing in Common: Movies
4
Three Word 'T' Movies Match Up
5
Three Word 'H' Movies Match Up
6
Three Word 'M' Movies Match Up
7
Three Word 'L' Movies Match Up
8
Three Word 'R' Movies Match Up
9
Three Word 'S' Movies Match Up
10
Three Word 'U' & 'V' Movies Match Up
Explore More
Trending Topics
Crossword
Harry Potter
Disney
Kpop
Anime
NBA
Marvel
Pokémon
WWE
Puzzle
NFL
The Office
Soccer
Song
Country
hide this ad
More By:
ThePlutobob
Quiz
Plays
Rating
Category
Featured
Created
Classic Hollywood Character Actors
125
5.00
Movies
Aug 7, 2017
Hitchcock Film by Cameo (All)
117
4.00
Movies
Aug 8, 2017
Hitchcock Film by Obscure Shot
95
4.00
Movies
Aug 8, 2017
Match the Actor to their 'Airport' Film
34
3.33
Movies
Aug 6, 2017
Hollywood New Wave (Hard)
30
4.00
Movies
Aug 4, 2017
Go to Creator's Profile
Score Distribution
Quiz Creator Spotlight
ThePlutobob
Follow
Send a Message
Quizzes Created
-
Created Quiz Play Count
-
More By This Creator
Popular Quizzes Today
1
Find the US States - No Outlines Minefield
2
The Countries of the World
3
Popular People in 1961
4
Find the Countries of Europe - No Outlines Minefield
5
1-10 Letter E Words III
6
Find the US States
7
One Thing in Common: World Cities II
8
US States
More Movies Quizzes
Morgan Freeman Movies by Co-Star
Published
Trending Quizzes
1-10 Letter F Words
One Thing in Common: Music
1-10 Letter G Words
Risky Map Clicking: Next State Alphabetically
1-10 Letter F Words II
Recently Updated
Leaping Animals
pecheneg
Reality TV Shows (A-Z)
bhenderson79
Rickey Henderson's Hall of Fame Teammates
pecheneg
Champions League XIs: Arsenal
pecheneg
Quick Pick: Celebrities in WWE's Hall of Fame
aduchscher
A-Z Keypad Blitz II
pecheneg
Multiple Oscar Actors
pecheneg
Mystery Phrase Blitz: Oscar 'Best Actors'
pecheneg
F. Scott Fitzgerald Novels
LTH
Pick 3 Villains
ddd62291
Trending Topics
Disney
Crossword
NBA
Anime
Marvel
Kpop
Harry Potter
Soccer
Puzzle
The Office
Song
Pokémon
WWE
NFL
Country
Your Account Isn't Verified!
In order to create a playlist on Sporcle, you need to verify the email address you used during registration. Go to your
Sporcle Settings
to finish the process.
Report this User
Report this user for behavior that violates our
Community Guidelines
.
Details:
Send Report
Go to the Sporcle.com Mobile Site →
Comments